000 00966nam a22002177a 4500
008 110720t xxu||||| |||| 00| 0 ara d
020 _a9770223689
082 _222
_a297.83
_bن ج ا
100 1 _926353
_aالنجار ، عامر
245 _aالخوارج :
_bعقيدة .. وفكراً .. وفلسفة /
_cعامر النجار
250 _a، ط 2
_bمزيدة ومنقحة
260 _aالقاهرة :
_bدار المعارف ،1988
_c1988.
300 _a231 ص ؛
_c24 سم.
490 0 _926354
_aسلسلة دراسات فى علم الكلام
504 _aيشتمل على إرجاعات ببليوجرافية ص224-228
650 _926355
_aعقائد الخوارج
650 _913294
_aالفرق الإسلامية
653 _bGeneral
_cJuly2011
942 _2ddc
_cBB
999 _c15711
_d15711